Detalles MARC
| 000 -LIDER |
| fixed length control field |
01447nam a22003257a 4500 |
| 003 - IDENTIFICACDOR DE NÚMERO DE CONTROL |
| control field |
DO-SdBNP |
| 005 - DATE AND TIME OF LATEST TRANSACTION |
| control field |
20231213122838.0 |
| 008 - ELEMENTOS DE LONGITUD FIJA |
| fixed length control field |
210426b 2021 dr 00| 0 spa d |
| 020 ## - ISBN |
| International Standard Book Number |
9789945178647 |
| 040 ## - FUENTE DE CATALOGACIÓN |
| Agencia que crea de manera original el registro |
BPMSU |
| Idioma de catalogación |
spa |
| Agencia que realiza la transcripción |
BPMSU |
| 082 #4 - NÚMERO DE CLASIFICACIÓN DECIMAL DE DEWEY |
| Classification number |
RD863.44 |
| Item number |
N576u 2021 |
| Edition number |
22 |
| 092 ## - LOCALLY ASSIGNED DEWEY DECIMAL CALL NUMBER |
| Número de clasificación |
|
| 100 1# - ASIENTO PRINCIPAL -- NOMBRE PERSONAL |
| Nombre personal |
NG, Leibi |
| Fechas asociadas con el nombre |
|
| 245 10 - MENCIÓN DE TITULO |
| Título |
Una discusión interminable / |
| Mención de responsabilidad |
Leibi Ng ; ilustración: Soonhwa, Wisner ; investigación: Laura V. Sánchez-Vincitore ; coordinación pedagógica: Cledenin Veras |
| 260 ## - PUBLICACIÓN, DISTRIBUCIÓN, ETC. (PIE DE IMPRENTA) |
| Lugar de publicación, distribución, etc |
Santo Domingo: |
| Nombre del editor, distribuidor, etc. |
Ediciones SM ; |
| -- |
Universidad Iberoamericana (UNIBE), |
| Fecha de publicación, distribución, etc |
2021 |
| 300 ## - DESCRIPCIÓN FÍSICA |
| Extensión |
39 p. : |
| Otros detalles físicos |
ilus. ; |
| Dimensiones |
15 cm |
| 490 0# - MENCIÓN DE SERIES |
| Materiales especificados |
La Liga de la Esperanza, |
| Volume/sequential designation |
20 |
| 500 ## - NOTA GENERAL |
| Materiales especificados |
|
| 520 ## - RESUMEN, ETC. |
| Nota de resumen, etc. |
Belkys, Ashly, Yoel y Wilkin van de paseo a la Zona Colonial. Todo está extrañamente vacío. Cuando entran a un colmado a comprar el desayuno se encuentran a Cristóbal Colón y al cacique Caonabo discutiendo de una forma muy particular. Al rato se suman una monja, un cantante y hasta la mismísima Anacaona. |
| 590 ## - NOTA LOCAL |
| Texto de la nota local |
Inventariado, 2023/VM |
| 650 #4 - ENCABEZAMIENTO DE MATERIA--TEMÁTICO |
| Término temático o nombre geográfico como elemento de entrada |
Cuentos juveniles dominicanos |
| 650 #4 - ENCABEZAMIENTO DE MATERIA--TEMÁTICO |
| Término temático o nombre geográfico como elemento de entrada |
Tiras cómicas, historietas |
| 650 #4 - ENCABEZAMIENTO DE MATERIA--TEMÁTICO |
| Término temático o nombre geográfico como elemento de entrada |
Literatura juvenil dominicana |
| 650 #4 - ENCABEZAMIENTO DE MATERIA--TEMÁTICO |
| Término temático o nombre geográfico como elemento de entrada |
Discusiones |
| Subdivisión de forma |
Cuentos |
| 700 1# - ASIENTO SECUNDARIO -- NOMBRE PERSONAL |
| Materiales especificados |
Wi, Hen Fung |
| Mención de responsabilidad |
ilustración |
| 700 1# - ASIENTO SECUNDARIO -- NOMBRE PERSONAL |
| Materiales especificados |
Sánchez-Vincitore, Laura V. |
| Mención de responsabilidad |
investigador |
| 700 1# - ASIENTO SECUNDARIO -- NOMBRE PERSONAL |
| Nombre personal |
Veras, Cledenin |
| Mención de responsabilidad |
coordinador pedagógico |
| 910 ## - VALIDACIÓN |
| Validación |
VMateo V. Control de calidad. BPMSU |
| 942 ## - ADDED ENTRY ELEMENTS (KOHA) |
| Source of classification or shelving scheme |
Dewey Decimal Classification |
| Koha item type |
Libros |